Ještě robustnější: revidované normy ISO 14001 a ISO 14004

O nových verziách noriem ISO 14001 - Systémy environmentálního managementu - Specifikace s pokyny k použití a normy ISO 14004 - Systémy environmentálního managementu - Všeobecné směrnice k principům, systémům a pomocným technikám. Nové verzie sú zrozumiteľnejšie a ľahšie na používanie.

Guardado en:
Detalles Bibliográficos
Autor principal: Dodds, Oswald A.
Formato: Capítulo de libro
Lenguaje:checo
Materias:
Etiquetas: Agregar Etiqueta
Sin Etiquetas, Sea el primero en etiquetar este registro!

MARC

LEADER 00000naa$a2200000$$$4500
001 0022697
005 20230524133528.0
041 0 |a cze 
044 |a CZ 
245 1 0 |a Ještě robustnější: revidované normy ISO 14001 a ISO 14004  |c Oswald A. Dodds 
520 |a O nových verziách noriem ISO 14001 - Systémy environmentálního managementu - Specifikace s pokyny k použití a normy ISO 14004 - Systémy environmentálního managementu - Všeobecné směrnice k principům, systémům a pomocným technikám. Nové verzie sú zrozumiteľnejšie a ľahšie na používanie. 
610 2 0 |a prostredie životné 
610 2 0 |a ochrana prostredia životného 
610 2 0 |a riadenie kvality 
610 2 0 |a normy ISO 
100 1 |a Dodds, Oswald A.